Hidden pictures (Record no. 4842)

MARC details
000 -CABECERA
campo de control de longitud fija 01704nam a22002777a 4500
008 - DATOS DE LONGITUD FIJA--INFORMACIÓN GENERAL
campo de control de longitud fija 250709b |||||||| |||| 00| 0 eng d
020 ## - NÚMERO INTERNACIONAL ESTÁNDAR DEL LIBRO
Número Internacional Estándar del Libro 9780751583700
040 ## - FUENTE DE LA CATALOGACIÓN
Centro/agencia transcriptor tbs
041 ## - CÓDIGO DE LENGUA
Código de lengua del texto/banda sonora o título independiente eng
050 ## - SIGNATURA TOPOGRÁFICA DE LA BIBLIOTECA DEL CONGRESO
Número de clasificación PS3618.E57275
Número de documento/Ítem H53 2022
100 ## - ENTRADA PRINCIPAL--NOMBRE DE PERSONA
Nombre de persona Rekulak, Jason
9 (RLIN) 25719
Término indicativo de función/relación author
245 ## - MENCIÓN DE TÍTULO
Título Hidden pictures
Mención de responsabilidad, etc. / Jason Rekulak ; illustrated by Will Staehle and Doogie Horner.
260 ## - PUBLICACIÓN, DISTRIBUCIÓN, ETC.
Lugar de publicación, distribución, etc. London :
Nombre del editor, distribuidor, etc. Sphere,
Fecha de publicación, distribución, etc. 2023.
300 ## - DESCRIPCIÓN FÍSICA
Extensión 387 pages :
Otras características físicas illustrations (black and white) ;
Dimensiones 20 cm.
520 ## - SUMARIO, ETC.
Sumario, etc. Mallory is delighted to have a new job looking after gorgeous four-year-old, Teddy. She’s been sober for a year and a half and she’s sure her new nannying role in the affluent suburbs will help keep her on the straight and narrow.<br/><br/>That is until Teddy starts to draw disturbing pictures of his imaginary friend, Anya. It is quite clear to Mallory and to Teddy’s parents, even in his crude childlike style, that the woman Teddy is drawing in his pictures is dead.<br/><br/>Teddy’s crayons are confiscated, and his paper locked away. But the drawings somehow keep coming, telling a frightening story of a woman murdered… and they’re getting more sophisticated. But if Teddy isn’t drawing the pictures anymore, who is? And what are they trying to tell Mallory about her new home?
650 #0 - PUNTO DE ACCESO ADICIONAL DE MATERIA--TÉRMINO DE MATERIA
Término de materia o nombre geográfico como elemento de entrada Nannies
Subdivisión de forma Fiction
9 (RLIN) 25721
650 #0 - PUNTO DE ACCESO ADICIONAL DE MATERIA--TÉRMINO DE MATERIA
Término de materia o nombre geográfico como elemento de entrada Murder
Subdivisión de forma Fiction
9 (RLIN) 25440
650 #0 - PUNTO DE ACCESO ADICIONAL DE MATERIA--TÉRMINO DE MATERIA
Término de materia o nombre geográfico como elemento de entrada Secrecy
Subdivisión de forma Fiction
9 (RLIN) 25722
650 #0 - PUNTO DE ACCESO ADICIONAL DE MATERIA--TÉRMINO DE MATERIA
Término de materia o nombre geográfico como elemento de entrada Children's drawings
Subdivisión de forma Fiction
9 (RLIN) 25723
655 #0 - TÉRMINO DE INDIZACIÓN--GÉNERO/FORMA
Datos o término principal de género/forma Horror fiction
9 (RLIN) 22808
655 #0 - TÉRMINO DE INDIZACIÓN--GÉNERO/FORMA
Datos o término principal de género/forma Detective and mystery fiction
9 (RLIN) 23664
655 #0 - TÉRMINO DE INDIZACIÓN--GÉNERO/FORMA
Datos o término principal de género/forma Paranormal fiction
9 (RLIN) 22925
700 ## - ENTRADA AGREGADA--NOMBRE PERSONAL
Nombre de persona Staehle, Will
9 (RLIN) 25724
Término indicativo de función/relación illustrator
700 ## - ENTRADA AGREGADA--NOMBRE PERSONAL
Nombre de persona Horner, Doogie
9 (RLIN) 25725
Término indicativo de función/relación illustrator
942 ## - ELEMENTOS DE ENTRADA AGREGADA (KOHA)
Fuente del sistema de clasificación o colocación Clasificación de Library of Congress
Holdings
Estado de retiro Estado de pérdida Fuente del sistema de clasificación o colocación Estado dañado No para préstamo Biblioteca de origen Biblioteca actual Fecha de adquisición Total de préstamos Signatura topográfica completa Código de barras Fecha visto por última vez Número de copia Precio válido a partir de Tipo de ítem Koha
    Clasificación de Library of Congress     TBS Barcelona TBS Barcelona 09/07/2025   P-EN REK B05884 09/07/2025 1 09/07/2025 Book

Powered by Koha